000 00411nam a2200145Ia 4500
008 220217s9999||||xx |||||||||||||| ||und||
020 _a81-203-1462-X
082 _a621.37 MOR
100 _aMorris, Alan, S
245 0 _aPrinciples of measurement and insrumentation
250 _a2nd
260 _aPrentice hall of india
_bNew Delhi
_c2002
300 _b195
650 _aINSTRUMENT AND MEASURMENTATION
999 _c171957
_d171957